| 000 | 01021nam a22002537a 4500 | ||
|---|---|---|---|
| 005 | 20160128093047.0 | ||
| 010 | _aENG-114481-482 | ||
| 020 |
_a9789351434658 (set of 2 vols.) _c4750.00 (set price) |
||
| 020 |
_a9789351434771(v.1) _c4750.00 (set price) |
||
| 020 |
_a9789351434788(v.2) _c4750.00 (set price) |
||
| 035 | _aEN-98013-014 | ||
| 037 | _bDBAD/PUB | ||
| 082 | _a343.54055 | ||
| 100 | _aDatar, Arvind P. | ||
| 245 |
_aGuide to central excise : _cby Arvidnd P. Datar [and] Abhishek A. Rastogi _blaw & practice / |
||
| 250 | _a7th ed | ||
| 260 |
_aGurgaon _bLexisNexis _c2015 |
||
| 270 |
_a14th Floor, Building No.10, Tower-B, DLF Cyber City, Phase-II _bGurgaon _e122002 |
||
| 300 |
_a2V.(xxx,2046p.; ccclii,2047-3052,149p.) _c25cm(Hb) |
||
| 500 | _aIncludes index | ||
| 505 | _av.1 the central excise act, 1944 with relevant rules. v.2 the central excise tariff act, 1985 with relevant allied acts & rules | ||
| 700 | _aRastogi, Abhishek A. | ||
| 942 |
_2ddc _cEN _mDAT _h343.54055 |
||
| 999 |
_c98249 _d98249 |
||